000 nam a22 7a 4500
999 _c10332
_d10332
008 180213b ||||| |||| 00| 0 eng d
100 _aThe Bharat
_96292
245 _aScheme of Training(Guide Wing)
260 _aNew Delhi
_bBharat
_c2010